Les coachs de The Voice - Statistiques

Statistiques générales
  • Ce quiz a été pris 54 fois
  • Le résultat moyen est 53 sur 66
Statistiques - réponses
Saison Coach % Correct
Saison 1 - 2012 Florent Pagny
96%
Saison 2 - 2013 Florent Pagny
96%
Saison 3 - 2014 Florent Pagny
96%
Saison 4 - 2015 Florent Pagny
96%
Saison 5 - 2016 Florent Pagny
96%
Saison 6 - 2017 Florent Pagny
96%
Saison 7 - 2018 Florent Pagny
96%
Saison 10 - 2021 Florent Pagny
96%
Saison All Stars - 2021 Florent Pagny
96%
Saison 11 - 2022 Florent Pagny
96%
Saison 14 - 2025 Florent Pagny
96%
Saison 15 - 2026 Florent Pagny
96%
Saison 9 - 2020 Amel Bent
89%
Saison 10 - 2021 Amel Bent
89%
Saison 11 - 2022 Amel Bent
89%
Saison 12 - 2023 Amel Bent
89%
Saison 15 - 2026 Amel Bent
89%
Saison 1 - 2012 Jenifer
89%
Saison 2 - 2013 Jenifer
89%
Saison 3 - 2014 Jenifer
89%
Saison 4 - 2015 Jenifer
89%
Saison 8 - 2019 Jenifer
89%
Saison All Stars - 2021 Jenifer
89%
Saison 3 - 2014 Mika
89%
Saison 4 - 2015 Mika
89%
Saison 5 - 2016 Mika
89%
Saison 6 - 2017 Mika
89%
Saison 7 - 2018 Mika
89%
Saison 8 - 2019 Mika
89%
Saison All Stars - 2021 Mika
89%
Saison 13 - 2024 Mika
89%
Saison 1 - 2012 Garou
87%
Saison 2 - 2013 Garou
87%
Saison 3 - 2014 Garou
87%
Saison 5 - 2016 Garou
87%
Saison 14 - 2025 Zaz
87%
Saison 4 - 2015 Zazie
83%
Saison 5 - 2016 Zazie
83%
Saison 6 - 2017 Zazie
83%
Saison 7 - 2018 Zazie
83%
Saison All Stars - 2021 Zazie
83%
Saison 12 - 2023 Zazie
83%
Saison 13 - 2024 Zazie
83%
Saison 9 - 2020 Lara Fabian
79%
Saison 15 - 2026 Lara Fabian
79%
Saison 12 - 2023 Bigflo et Oli
77%
Saison 13 - 2024 Bigflo et Oli
77%
Saison 1 - 2012 Louis Bertignac
77%
Saison 2 - 2013 Louis Bertignac
77%
Saison 15 - 2026 Tayc
77%
Saison 6 - 2017 Matt Pokora
72%
Saison 7 - 2018 Pascal Obispo
66%
Saison 9 - 2020 Pascal Obispo
66%
Saison All Stars - 2021 Patrick Fiori
66%
Saison 8 - 2019 Soprano
62%
Saison 10 - 2021 Vianney
57%
Saison 11 - 2022 Vianney
57%
Saison 12 - 2023 Vianney
57%
Saison 13 - 2024 Vianney
57%
Saison 14 - 2025 Vianney
57%
Saison 14 - 2025 Patricia Kaas
55%
Saison 8 - 2019 Julien Clerc
47%
Saison 9 - 2020 Marc Lavoine
47%
Saison 10 - 2021 Marc Lavoine
47%
Saison 11 - 2022 Marc Lavoine
47%
Saison 11 - 2022 Nolwenn Leroy
47%
Aucun quiz correspondant
Distribution des résultats
% des personnes avec chaque résultat
Percentile par nombre de réponses
Votre historique - résultats
Vous n’avez pas pris ce quiz